00553 a2200169 4500010001400000020002300014035001300037037001600050082001200066100002500078245011800103260004400221270004700265300003100312500002000343700002000363 aENG-88734 c325.00a8120333642 aEN-72267 bDBAD / PUB14a005.7561 aDietrich, Suzanne W.1 aAn advanced course in database systems:c by Suzanne W. Dietrich and Susan D. Urbanbbeyond relational databases/ aNew DelhibPrentice-Hall of Indiac2008 aM-97, Connaught CircusbNew Delhie110 001 axvii, 302 p.c24 cm. (Pbk) aIncludes index1 aUrban, Susan D.